| 000 | 01454nam a22002297a 4500 | ||
|---|---|---|---|
| 001 | 6912 | ||
| 003 | FISKH | ||
| 005 | 20250606101107.0 | ||
| 008 | 250606b cb ||||| |||| 00| 0 eng d | ||
| 020 | _a9789995000790 | ||
| 040 |
_aFISKH _bkhr _cFISKH _dFISKH |
||
| 082 | _a370 | ||
| 100 | _aSaim, Tun | ||
| 245 |
_aភាសាខ្មែរ ថ្នាក់ទី៧ / _cលោកជំទាវ ទន់ សាអុីម,លោកស្រី ម៉ៅ តាន់ណារី ,លោក យិន ធី និង លោក ព្រៃ សំបូរ |
||
| 250 | _aបោះពុម្ពឆ្នាំ ២០១៦ | ||
| 260 |
_aភ្នំពេញ : _bគ្រឺះស្ថានបោះពុម្ពនិងចែកផ្សាយ , _c២០១៦ . |
||
| 300 |
_a220 pages : _billustrations ; _c25 cm . |
||
| 520 | _aសៀវភៅនេះមានគោលបំណងដើម្បីអភិវឌ្ឍសមត្ថភាពភាសាខ្មែរ របស់សិស្ស និងជួយឱ្យពួកគេអាចប្រើប្រាស់ភាសានេះក្នុងជីវិតប្រចាំថ្ងៃបានយ៉ាងមានប្រសិទ្ធភាព។ | ||
| 520 | _aThis book aims to develop students' Khmer language skills and help them use the language effectively in daily life. | ||
| 700 |
_aMary, Kem _eIllustrator |
||
| 942 |
_2ddc _cKHB _n0 |
||
| 999 |
_c6912 _d6912 |
||